000 00268nam a2200109Ia 4500
008 190216s9999||||xx |||||||||||||| ||und||
100 _aKurup K K N
245 0 _aAspects Of Kerala History And Culture
260 _bCollege Book House
650 _aHistory
942 _cBK
999 _c20126
_d20126